Normal view
MARC view
Entry Personal Name
001 - CONTROL NUMBER
- control field: 15844
003 - CONTROL NUMBER IDENTIFIER
- control field: ARRUPE
005 - DATE AND TIME OF LATEST TRANSACTION
- control field: 20150306111522.0
008 - FIXED-LENGTH DATA ELEMENTS
- fixed length control field: 150306|| aca||aabn | a|a d
040 ## - CATALOGING SOURCE
- Original cataloging agency: ARRUPE
- Transcribing agency: ARRUPE
100 ## - HEADING--PERSONAL NAME
- Personal name: Darrigol, O.
670 ## - SOURCE DATA FOUND
- Source citation: Work cat.: (ARRUPE): Darrigol, O., From c-numbers to q-numbers, 1992